| 000 | 02555nam a2200277 i 4500 | ||
|---|---|---|---|
| 001 | 193536 | ||
| 003 | ES-MaACL | ||
| 005 | 20260321063014.0 | ||
| 008 | 240104s2023 sp ||||| |||| 00| 0 spa d | ||
| 020 | _a9788412627862 | ||
| 040 | _cES-MaACL | ||
| 245 | 1 | 3 |
_aLa humanización de la sanidad : _ba través de la historia, Edad Media / _cFrancisco Javier Puerto Sarmiento (coordinador científico) ; Alba Cecilia, Amparo ... [et al.] |
| 260 |
_a[Jaén] : _bEl Ojo de Poe, _c2023. |
||
| 300 |
_a286 páginas ; _c21 cm. |
||
| 520 | _aTodos, siempre, pedimos una sanidad con rostro cada día más humano; una atención sanitaria eficaz, próxima, amable y compasiva; más cuando abarca a toda la población y su enorme capacidad técnica la hace aparecer como extraordinariamente fiable, aunque a veces fría y distante. Para afrontar ese deseo de manera clara y racional, hemos de enmarcarlo en el tiempo, en la Historia y en el desarrollo de la ciencia, pues siempre deseamos ver desplegarse juntas la utilidad y la cercanía humana. La humanización es también el proceso cumplido mediante el aprendizaje incesante a lo largo de la vida humana lo cual, trasladado a la Humanidad, equivale al desarrollo de la Historia de la sanidad y de la ciencia. La Fundación de Ciencias de la Salud, en un nuevo proyecto: “La humanización de la sanidad a través de la Historia: Edad Media”, quiere abordar este tema desde la Historia general, la Historia de la Ciencia y la Historia de la Medicina y la atención sanitaria para, como en ocasiones anteriores, dar lugar a una videoteca de intervenciones breves y una colección de textos algo más largos, todos ellos de excelencia, que puedan servir de inspiración y ayuda a los sanitarios, los profesores de esas materias y al público en general. | ||
| 530 | _aVersión digital | ||
| 650 | 7 |
_9136851 _aSanidad |
|
| 852 |
_aES-MaACL _bR.154873 _cDEPOJ _hDonación: Editorial _xEncuadernación rústica con solapas _jN-9721 _9201308 |
||
| 856 | 4 |
_uhttps://fcs.es/images/publicaciones/ebook/La_humanizacion_de_la_sanidad_edad_media.pdf _yAcceso a texto completo |
|
| 942 |
_n0 _cMONOGRAFIA |
||
| 999 |
_c193536 _d193536 |
||